Flags by Letter - S - Statistics

General Stats
  • This quiz has been taken 254 times
  • The average score is 23 of 26
Answer Stats
Picture Answer % Correct
Sweden
100%
Saudi Arabia
99%
Slovakia
98%
Switzerland
98%
South Korea
97%
Serbia
96%
Spain
96%
Slovenia
94%
South Africa
94%
Somalia
91%
Syria
91%
Senegal
90%
San Marino
89%
Sri Lanka
89%
Singapore
88%
Sudan
88%
St Lucia
84%
Seychelles
83%
South Sudan
82%
Samoa
78%
St Vincent and the Grenadines
78%
Solomon Islands
76%
Suriname
75%
St Kitts and Nevis
74%
Sao Tome and Principe
73%
Sierra Leone
71%
No matching quizzes found
Score Distribution
Percent of People with Each Score
Percentile by Number Answered
Your Score History
You have not taken this quiz